| 000 | 00000nam##2200000za#4500 |
| 001 | 9.612228 |
| 003 | CaOODSP |
| 005 | 20200421174019 |
| 007 | ta |
| 008 | 150406|1994||||xxc||||| f|0| 0 eng|d |
| 020 | |a0-662-23463-4 |
| 040 | |aCaOODSP|beng |
| 043 | |an-cn--- |
| 086 | 1 |aTU3-2/0225E |
| 110 | 2 |aTransportation Safety Board of Canada. |
| 245 | 10|aCollision with cable : |bGovernment of Québec, Bell 206B, Jetranger II (helicopter) C-FPQV, Montmorency Falls, Quebec, 25 October 1993 |
| 260 | |aOttawa - Ontario : |bTransportation Safety Board of Canada |c1994. |
| 300 | |aiii, 11p. ; |c28 cm. |
| 490 | 1 |aAviation occurrence report|vReport number A93Q0225 |
| 563 | |aSoftcover |
| 590 | |a95-16|b1995-04-21 |
| 830 | #0|aAviation occurrence report ;|vReport number A93Q0225|w(CaOODSP)9.514917 |